[Rezension von: Wehrheim, Jan, 1967-, Die überwachte Stadt]
| 1. VerfasserIn: | |
|---|---|
| Beteiligte: | |
| Medienart: | Druck Rezension |
| Sprache: | Deutsch |
| Veröffentlicht: |
2003
|
| In: |
Kriminologisches Journal
Jahr: 2003, Band: 35, Heft: 1, Seiten: 63-65 |
| Online-Zugang: |
Volltext (kostenfrei) Volltext (kostenfrei) Volltext (kostenfrei) |
| Rechteinformation: | InC 1.0 |
| Verfügbarkeit prüfen: | HBZ Gateway |
| Schlagwörter: |
MARC
| LEADER | 00000caa a2200000 c 4500 | ||
|---|---|---|---|
| 001 | 1941618162 | ||
| 003 | DE-627 | ||
| 005 | 20260430155529.0 | ||
| 007 | tu | ||
| 008 | 251119s2003 xx ||||| o 00| ||ger c | ||
| 035 | |a (DE-627)1941618162 | ||
| 035 | |a (DE-599)KXP1941618162 | ||
| 040 | |a DE-627 |b ger |c DE-627 |e rda | ||
| 041 | |a ger | ||
| 084 | |a 2,1 |2 ssgn | ||
| 100 | 1 | |a Glasze, Georg |d 1969- |e VerfasserIn |0 (DE-588)1033120790 |0 (DE-627)740030183 |0 (DE-576)179197177 |4 aut | |
| 109 | |a Glasze, Georg 1969- |a Glasze, G. 1969- | ||
| 245 | 1 | 0 | |a [Rezension von: Wehrheim, Jan, 1967-, Die überwachte Stadt] |c Georg Glasze, Mainz |
| 264 | 1 | |c 2003 | |
| 336 | |a Text |b txt |2 rdacontent | ||
| 337 | |a ohne Hilfsmittel zu benutzen |b n |2 rdamedia | ||
| 338 | |a Band |b nc |2 rdacarrier | ||
| 540 | |q DE-2619 |a Urheberrechtsschutz 1.0 |2 rs |u http://rightsstatements.org/vocab/InC/1.0/ | ||
| 655 | 7 | |a Rezension |0 (DE-588)4049712-4 |0 (DE-627)106186019 |0 (DE-576)209083166 |2 gnd-content | |
| 700 | 1 | |a Wehrheim, Jan |d 1967- |e VerfasserIn des Bezugswerks |0 (DE-588)138446563 |0 (DE-627)602589800 |0 (DE-576)307608573 |4 ant | |
| 773 | 0 | 8 | |i Enthalten in |t Kriminologisches Journal |d Weinheim : Beltz Juventa, 1969 |g 35(2003), 1, Seite 63-65 |w (DE-627)130092207 |w (DE-600)500591-7 |w (DE-576)018208223 |x 0341-1966 |7 nnas |
| 773 | 1 | 8 | |g volume:35 |g year:2003 |g number:1 |g pages:63-65 |
| 776 | 1 | |o 10.15496/publikation-119994 | |
| 787 | 0 | 8 | |i Rezension von |a Wehrheim, Jan, 1967 - |t Die überwachte Stadt |d Opladen : Leske + Budrich, 2002 |h 238 S |w (DE-627)342366165 |w (DE-576)100628559 |z 3810033839 |
| 856 | 4 | 1 | |u http://hdl.handle.net/10900/178670 |x Resolving-System |z kostenfrei |3 Volltext |7 0 |
| 856 | 4 | 1 | |u http://nbn-resolving.org/urn:nbn:de:bsz:21-dspace-1786702 |x Resolving-System |z kostenfrei |3 Volltext |7 0 |
| 856 | 4 | 1 | |u https://doi.org/10.15496/publikation-119994 |x Resolving-System |z kostenfrei |3 Volltext |7 0 |
| 951 | |a AR | ||
| ELC | |b 1 | ||
| LOK | |0 000 xxxxxcx a22 zn 4500 | ||
| LOK | |0 001 4808828901 | ||
| LOK | |0 003 DE-627 | ||
| LOK | |0 004 1941618162 | ||
| LOK | |0 005 20251119153736 | ||
| LOK | |0 008 251119||||||||||||||||ger||||||| | ||
| LOK | |0 040 |a DE-2619 |c DE-627 |d DE-2619 | ||
| LOK | |0 092 |o n | ||
| LOK | |0 852 |a DE-2619 | ||
| LOK | |0 852 1 |9 00 | ||
| LOK | |0 939 |a 2025-11-19 |b l01 | ||
| OAS | |a 1 | ||
| ORI | |a WA-MARC-krimdoka001.raw | ||
